000 00540pam a2200217 i 4500
001 3622555
005 20180202074547.0
008 750913s1976 nyu b 001 0 eng
010 _a 74003550
020 _a0385087470 :
_c$7.95
040 _aDLC
_cDLC
_dDLC
041 _aeng
080 _a301.21 HAL
082 0 0 _a301.21 HAL
100 1 _aANT
101 _a24
245 1 0 _aBeyond culture /
_cEdward T. Hall.
504 _aBibliography: p. [231]-244.
906 _a7
_bcbc
_corignew
_d1
_eocip
_f19
_gy-gencatlg
942 _2ddc
_cBK
999 _c41657
_d41657